Vista normal
Vista MARC
Entrada Materia (personas)
Número de registros utilizados en: 1
001 - CONTROL NUMBER
- control field: 40264
003 - CONTROL NUMBER IDENTIFIER
- control field: Co-BoUCM
005 - DATE AND TIME OF LATEST TRANSACTION
- control field: 20130710141255.0
008 - FIXED-LENGTH DATA ELEMENTS
- fixed length control field: 130710|| aca||aabn | a|a d
040 ## - CATALOGING SOURCE
- Original cataloging agency: Co-BoUCM
- Transcribing agency: Co-BoUCM
100 ## - HEADING--PERSONAL NAME
- Personal name: Osorio Ch., Marco A.
- Fuller form of name: (Marco Antonio Osorio Chirinos)
670 ## - SOURCE DATA FOUND
- Source citation: Work cat.: (Co-BoUCM)167842: Osorio Ch., Marco A. (Marco Antonio Osorio Chirinos), Las mercancías , 2008